| 000 | 00655nam a2200181Ia 4500 | ||
|---|---|---|---|
| 008 | 100920s9999 xx 000 0 und d | ||
| 082 |
_b101869 _a--- न 08 |
||
| 100 | _aवर्टीकर अर्चना. | ||
| 245 | _aजळात सोडलेेले दिवे. | ||
| 260 |
_bमेहता पब्लिशिंग हाऊस,पुणे-30. _c2008 |
||
| 300 |
_a110 _bसाधी |
||
| 365 | _b90 | ||
| 520 | _aकादंबरी. | ||
| 630 | _aजळात सोडलेेले दिवे. | ||
| 650 | _aकादंबरी. | ||
| 730 | _aजळात सोडलेेले दिवे. | ||
| 942 | _cBOOK | ||
| 999 |
_c742302 _d742299 |
||